000 00529nam a22001937a 4500
003 BD-DhJNU
005 20250716030053.0
008 250716b |||||||| |||| 00| 0 eng d
020 _a0803918151
040 _aBD-DhJNU
_bENG
_cBD-DhJNU
_dBD-DhJNU
082 _223
_a320.72
100 _aVedung, Evert
245 _aPolitical reasoning /
_cEvert Vedung
260 _aBeverly Hills :
_bSage Publications,
_c1982.
300 _a231 p. :
_bill. ;
_c22 cm.
504 _a231 p. :
650 _aPolitical science
942 _2ddc
_cBK
_n0
999 _c1900
_d1900